000 00804nam a2200253Ia 4500
003 OSt
005 20220923223319.0
006 a|||||r|||| 00| 0
007 ta
008 220922b |||||||| |||| 00| 0 hin d
024 _a213,368
037 _cTextual
040 _aARTS
_cARTS
_bhin
041 _2hin
_ahin
082 _aO152,3N2914,SM, M1
100 _aशरत्, सत्येन्द्र
245 0 _aशाप मुक्ति
246 _aShāp mukti
260 _aदिल्ली
_b पांडुलिपि प्रका0
_c1981
300 _a100पृ.
_ccm.
650 _aहिन्दी साहित्य
_9156264
942 _hO152,3N2914,SM, M1
_cTEXL
_2CC
999 _c363620
_d363620